{"text_format":"3","workbook":"xlsx","n_sheets":1,"sheets":["t572"],"read":"whole","date_system":"1900"}

{"sheet":"t572","index":0,"n_rows":159,"n_cols":7,"rows_kept":159,"merged":[[0,0,0,6],[28,0,28,5],[41,0,41,5],[144,0,144,5]]}
["TABELA 572.1 - Estatísticas Agrícolas, Município de Severínia, Estado de São Paulo, 2016/17."]
["ITEM","UNIDADE","N.DE UPAs","MÍNIMO","MÉDIO","MÁXIMO","TOTAL"]
["Distância à sede do município","km",198,0.5,{"v":5.48,"d":"5.5"},{"v":18,"d":"18.0"},"-"]
["Área total","hectare",198,2.4,{"v":64.85,"d":"64.9"},{"v":1035.1,"d":"1,035.1"},{"v":12840.9,"d":"12,840.9"}]
["Área com cultura perene","hectare",41,{"v":1,"d":"1.0"},{"v":51.83,"d":"51.8"},{"v":462,"d":"462.0"},{"v":2125.1,"d":"2,125.1"}]
["Área com cultura temporária","hectare",150,1.2,{"v":53.15,"d":"53.2"},783.4,{"v":7972.5,"d":"7,972.5"}]
["Área com pastagem","hectare",80,0.3,{"v":11.31,"d":"11.3"},{"v":145,"d":"145.0"},904.6]
["Área com reflorestamento","hectare",4,1.5,{"v":8.48,"d":"8.5"},{"v":22,"d":"22.0"},33.9]
["Área com vegetação natural","hectare",94,0.2,{"v":7.07,"d":"7.1"},{"v":80,"d":"80.0"},664.7]
["Área com vegetação de brejo e várzea","hectare",93,0.2,{"v":7.52,"d":"7.5"},163.5,699.8]
["Área em descanso","hectare",29,0.5,{"v":4.67,"d":"4.7"},43.4,135.5]
["Área complementar","hectare",143,0.1,{"v":2.13,"d":"2.1"},64.3,304.8]
["Área das UPAs com (0, 1] ha","hectare","-","-","-","-","-"]
["Área das UPAs com (1, 2] ha","hectare","-","-","-","-","-"]
["Área das UPAs com (2, 5] ha","hectare",20,2.4,{"v":3.78,"d":"3.8"},{"v":5,"d":"5.0"},75.5]
["Área das UPAs com (5, 10] ha","hectare",31,5.6,{"v":7.38,"d":"7.4"},9.6,228.8]
["Área das UPAs com (10, 20] ha","hectare",49,10.2,{"v":14.73,"d":"14.7"},{"v":20,"d":"20.0"},{"v":722,"d":"722.0"}]
["Área das UPAs com (20, 50] ha","hectare",50,20.1,{"v":32.32,"d":"32.3"},49.9,{"v":1615.9,"d":"1,615.9"}]
["Área das UPAs com (50, 100] ha","hectare",17,53.5,{"v":73.09,"d":"73.1"},99.5,{"v":1242.5,"d":"1,242.5"}]
["Área das UPAs com (100, 200] ha","hectare",13,102.6,{"v":126.99,"d":"127.0"},{"v":187,"d":"187.0"},{"v":1650.9,"d":"1,650.9"}]
["Área das UPAs com (200, 500] ha","hectare",14,217.8,{"v":308.97,"d":"309.0"},469.3,{"v":4325.6,"d":"4,325.6"}]
["Área das UPAs com (500, 1.000] ha","hectare",3,519.3,648.2,812.9,{"v":1944.6,"d":"1,944.6"}]
["Área das UPAs com (1.000, 2.000] ha","hectare",1,{"v":1035.1,"d":"1,035.1"},{"v":1035.1,"d":"1,035.1"},{"v":1035.1,"d":"1,035.1"},{"v":1035.1,"d":"1,035.1"}]
["Área das UPAs com (2.000, 5.000] ha","hectare","-","-","-","-","-"]
["Área das UPAs com (5.000, 10.000] ha","hectare","-","-","-","-","-"]
["Área das UPAs acima de 10.000 ha","hectare","-","-","-","-","-"]
["Fonte: Secretaria de Agricultura e Abastecimento, CDRS/IEA, Projeto LUPA."]
[]
["TABELA 572.2 - Explorações Animais, Município de Severínia, Estado de São Paulo, 2016/17."]
["ITEM","UNIDADE","N.DE UPAs","MÍNIMO","MÉDIO","MÁXIMO","TOTAL"]
["Asininos e muares","cabecas",3,{"v":2,"d":"2.0"},{"v":2.67,"d":"2.7"},{"v":4,"d":"4.0"},{"v":8,"d":"8.0"}]
["Avicultura para ovos","cabecas",3,{"v":30,"d":"30.0"},{"v":36.67,"d":"36.7"},{"v":50,"d":"50.0"},{"v":110,"d":"110.0"}]
["Bovinocultura de corte","cabecas",21,{"v":4,"d":"4.0"},{"v":56.19,"d":"56.2"},{"v":500,"d":"500.0"},{"v":1180,"d":"1,180.0"}]
["Bovinocultura leiteira","cabecas",17,{"v":2,"d":"2.0"},{"v":11.24,"d":"11.2"},{"v":73,"d":"73.0"},{"v":191,"d":"191.0"}]
["Bovinocultura mista","cabecas",31,{"v":2,"d":"2.0"},{"v":30.84,"d":"30.8"},{"v":200,"d":"200.0"},{"v":956,"d":"956.0"}]
["Equinocultura","cabecas",42,{"v":1,"d":"1.0"},{"v":6.17,"d":"6.2"},{"v":100,"d":"100.0"},{"v":259,"d":"259.0"}]
["Ovinocultura","cabecas",10,{"v":12,"d":"12.0"},23.6,{"v":46,"d":"46.0"},{"v":236,"d":"236.0"}]
["Piscicultura","m2 tanques",2,{"v":4500,"d":"4,500.0"},{"v":14250,"d":"14,250.0"},{"v":24000,"d":"24,000.0"},{"v":28500,"d":"28,500.0"}]
["Suinocultura","cabecas",4,{"v":10,"d":"10.0"},{"v":13.25,"d":"13.3"},{"v":23,"d":"23.0"},{"v":53,"d":"53.0"}]
["Fonte: Secretaria de Agricultura e Abastecimento, CDRS/IEA, Projeto LUPA."]
[]
["TABELA 572.3 -  Máquinas, Implementos e Benfeitorias, Município de Severínia, Estado de São Paulo, 2016/17."]
["ITEM","UNIDADE","N.DE UPAs","MÍNIMO","MÉDIO","MÁXIMO","TOTAL"]
["Arado comum (bacia, aiveca)","unidade",21,{"v":1,"d":"1.0"},{"v":1.24,"d":"1.2"},{"v":3,"d":"3.0"},{"v":26,"d":"26.0"}]
["Arado escarificador","unidade",3,{"v":1,"d":"1.0"},{"v":1,"d":"1.0"},{"v":1,"d":"1.0"},{"v":3,"d":"3.0"}]
["Arado subsolador","unidade",19,{"v":1,"d":"1.0"},{"v":1.11,"d":"1.1"},{"v":2,"d":"2.0"},{"v":21,"d":"21.0"}]
["Carregadeira de cana","unidade",2,{"v":1,"d":"1.0"},{"v":1,"d":"1.0"},{"v":1,"d":"1.0"},{"v":2,"d":"2.0"}]
["Carreta de trator","unidade",45,{"v":1,"d":"1.0"},1.4,{"v":4,"d":"4.0"},{"v":63,"d":"63.0"}]
["Computador","unidade",10,{"v":1,"d":"1.0"},1.9,{"v":4,"d":"4.0"},{"v":19,"d":"19.0"}]
["Conj.irrigacao autopropelido","unidade",1,{"v":2,"d":"2.0"},{"v":2,"d":"2.0"},{"v":2,"d":"2.0"},{"v":2,"d":"2.0"}]
["Conj.irrigacao/gotejamento/microaspersao","unidade",11,{"v":1,"d":"1.0"},{"v":2,"d":"2.0"},{"v":5,"d":"5.0"},{"v":22,"d":"22.0"}]
["Conjunto de fenacao","unidade",2,{"v":1,"d":"1.0"},{"v":1,"d":"1.0"},{"v":1,"d":"1.0"},{"v":2,"d":"2.0"}]
["Desintegrador, picador, triturador","unidade",38,{"v":1,"d":"1.0"},{"v":1.08,"d":"1.1"},{"v":2,"d":"2.0"},{"v":41,"d":"41.0"}]
["Distribuidor de calcario","unidade",50,{"v":1,"d":"1.0"},{"v":1.34,"d":"1.3"},{"v":4,"d":"4.0"},{"v":67,"d":"67.0"}]
["Ensiladeira","unidade",8,{"v":1,"d":"1.0"},{"v":1.25,"d":"1.3"},{"v":2,"d":"2.0"},{"v":10,"d":"10.0"}]
["Grade aradora (tipo romi)","unidade",52,{"v":1,"d":"1.0"},{"v":1.46,"d":"1.5"},{"v":4,"d":"4.0"},{"v":76,"d":"76.0"}]
["Grade niveladora","unidade",59,{"v":1,"d":"1.0"},{"v":1.29,"d":"1.3"},{"v":3,"d":"3.0"},{"v":76,"d":"76.0"}]
["Implementos para tracao animal","unidade",3,{"v":1,"d":"1.0"},{"v":1.67,"d":"1.7"},{"v":2,"d":"2.0"},{"v":5,"d":"5.0"}]
["Ordenhadeira mecanica","unidade",2,{"v":1,"d":"1.0"},{"v":1,"d":"1.0"},{"v":1,"d":"1.0"},{"v":2,"d":"2.0"}]
["Pulverizador tratorizado","unidade",56,{"v":1,"d":"1.0"},{"v":1.64,"d":"1.6"},{"v":5,"d":"5.0"},{"v":92,"d":"92.0"}]
["Resfriador de leite, tanque expansao","unidade",1,{"v":1,"d":"1.0"},{"v":1,"d":"1.0"},{"v":1,"d":"1.0"},{"v":1,"d":"1.0"}]
["Roçadeira costal","unidade",1,{"v":2,"d":"2.0"},{"v":2,"d":"2.0"},{"v":2,"d":"2.0"},{"v":2,"d":"2.0"}]
["Roçadeira tratorizada","unidade",25,{"v":1,"d":"1.0"},{"v":1.28,"d":"1.3"},{"v":4,"d":"4.0"},{"v":32,"d":"32.0"}]
["Roçadora","unidade",3,{"v":1,"d":"1.0"},{"v":1,"d":"1.0"},{"v":1,"d":"1.0"},{"v":3,"d":"3.0"}]
["Semeadeira/adubadeira para plantio convencional","unidade",12,{"v":1,"d":"1.0"},1.5,{"v":3,"d":"3.0"},{"v":18,"d":"18.0"}]
["Semeadeira/plantadeira plantio direto","unidade",2,{"v":1,"d":"1.0"},{"v":1,"d":"1.0"},{"v":1,"d":"1.0"},{"v":2,"d":"2.0"}]
["Terraceador","unidade",1,{"v":1,"d":"1.0"},{"v":1,"d":"1.0"},{"v":1,"d":"1.0"},{"v":1,"d":"1.0"}]
["Trator de esteiras","unidade",1,{"v":1,"d":"1.0"},{"v":1,"d":"1.0"},{"v":1,"d":"1.0"},{"v":1,"d":"1.0"}]
["Trator de pneus  acima de 85 cv","unidade",16,{"v":1,"d":"1.0"},{"v":1.81,"d":"1.8"},{"v":4,"d":"4.0"},{"v":29,"d":"29.0"}]
["Trator de pneus até 65 cv","unidade",38,{"v":1,"d":"1.0"},{"v":1.16,"d":"1.2"},{"v":3,"d":"3.0"},{"v":44,"d":"44.0"}]
["Trator de pneus de 66 cv a 85 cv","unidade",61,{"v":1,"d":"1.0"},1.7,{"v":4,"d":"4.0"},{"v":104,"d":"104.0"}]
["Acude/represa","unidade",44,{"v":1,"d":"1.0"},{"v":1.59,"d":"1.6"},{"v":6,"d":"6.0"},{"v":70,"d":"70.0"}]
["Almoxarifado/oficina","unidade",17,{"v":1,"d":"1.0"},{"v":1.29,"d":"1.3"},{"v":3,"d":"3.0"},{"v":22,"d":"22.0"}]
["Balanca para bovinos","unidade",2,{"v":1,"d":"1.0"},{"v":1,"d":"1.0"},{"v":1,"d":"1.0"},{"v":2,"d":"2.0"}]
["Balanca para veiculos","unidade",5,{"v":1,"d":"1.0"},1.2,{"v":2,"d":"2.0"},{"v":6,"d":"6.0"}]
["Barracao para granja/avicultura","unidade",1,{"v":1,"d":"1.0"},{"v":1,"d":"1.0"},{"v":1,"d":"1.0"},{"v":1,"d":"1.0"}]
["Barracao/galpao/garagem","unidade",92,{"v":1,"d":"1.0"},{"v":1.17,"d":"1.2"},{"v":4,"d":"4.0"},{"v":108,"d":"108.0"}]
["Casa de moradia habitada","unidade",114,{"v":1,"d":"1.0"},{"v":1.94,"d":"1.9"},{"v":10,"d":"10.0"},{"v":221,"d":"221.0"}]
["Casa de moradia total","unidade",129,{"v":1,"d":"1.0"},{"v":2.28,"d":"2.3"},{"v":17,"d":"17.0"},{"v":294,"d":"294.0"}]
["Curral/mangueira","unidade",54,{"v":1,"d":"1.0"},{"v":1.04,"d":"1.0"},{"v":2,"d":"2.0"},{"v":56,"d":"56.0"}]
["Deposito/tulha","unidade",58,{"v":1,"d":"1.0"},{"v":1.05,"d":"1.1"},{"v":2,"d":"2.0"},{"v":61,"d":"61.0"}]
["Estabulo","unidade",2,{"v":1,"d":"1.0"},{"v":1,"d":"1.0"},{"v":1,"d":"1.0"},{"v":2,"d":"2.0"}]
["Estufa/plasticultura","m2",1]
["Instalacoes para equinos","unidade",5,{"v":1,"d":"1.0"},1.2,{"v":2,"d":"2.0"},{"v":6,"d":"6.0"}]
["Pocilga","unidade",4,{"v":1,"d":"1.0"},{"v":1,"d":"1.0"},{"v":1,"d":"1.0"},{"v":4,"d":"4.0"}]
["Poco semi-artesiano","unidade",91,{"v":1,"d":"1.0"},{"v":1.23,"d":"1.2"},{"v":6,"d":"6.0"},{"v":112,"d":"112.0"}]
["Silo para graos","ton",1]
["Silo para silagem","ton",2]
["Terreiro","m2",9]
["Usina de acucar/destilaria","unidade",1,{"v":1,"d":"1.0"},{"v":1,"d":"1.0"},{"v":1,"d":"1.0"},{"v":1,"d":"1.0"}]
["Fonte: Secretaria de Agricultura e Abastecimento, CDRS/IEA, Projeto LUPA."]
[]
["TABELA 572.4 - Outras Estatísticas Agrícolas, Município de Severínia, Estado de São Paulo, 2016/17."]
["ITEM","Número de UPAs",null,"Percentual"]
["Faz Parte de Associação de Produtores",95,null,{"v":47.97979797979798,"d":"48.0"}]
["Faz Parte de Cooperativa de Produtores",158,null,{"v":79.79797979797979,"d":"79.8"}]
["Faz Parte do Sindicato de Produtores",33,null,{"v":16.666666666666668,"d":"16.7"}]
["Não utiliza assistência técnica ",79,null,{"v":39.898989898989896,"d":"39.9"}]
["Utiliza somente assistência técnica governamental ",1,null,{"v":0.5050505050505051,"d":"0.5"}]
["Utiliza somente assistência técnica privada ",110,null,{"v":55.55555555555556,"d":"55.6"}]
["Utiliza assistência técnica tanto governamental quanto privada",8,null,{"v":4.040404040404041,"d":"4.0"}]
["Utiliza Crédito Rural",113,null,{"v":57.070707070707066,"d":"57.1"}]
["Utiliza Seguro Rural",64,null,{"v":32.323232323232325,"d":"32.3"}]
["Utiliza Escrituração Agrícola",190,null,{"v":95.95959595959596,"d":"96.0"}]
["Acessa Internet p/ Fins na Agropecuária",125,null,{"v":63.13131313131313,"d":"63.1"}]
["Utiliza Computador nas Atividades Agropecuárias",43,null,{"v":21.71717171717172,"d":"21.7"}]
["Utiliza Energia Elétrica Para Uso na Atividade Agrícola",165,null,{"v":83.33333333333333,"d":"83.3"}]
["Utiliza Energia Alternativa",8,null,{"v":4.040404040404041,"d":"4.0"}]
["Realiza Análise de Solo, quando necessário",166,null,{"v":83.83838383838383,"d":"83.8"}]
["Realiza Calagem",163,null,{"v":82.32323232323232,"d":"82.3"}]
["Utiliza Práticas de Conservação de Solo, quando necessário",178,null,{"v":89.89898989898988,"d":"89.9"}]
["Faz Adubação Mineral, quando necessário",174,null,{"v":87.87878787878788,"d":"87.9"}]
["Faz Adubação Orgânica, quando necessário",29,null,{"v":14.646464646464645,"d":"14.6"}]
["Faz Adubação Verde, quando necessário",12,null,{"v":6.0606060606060606,"d":"6.1"}]
["Utiliza Manejo Integrado de Pragas (MIP)",27,null,{"v":13.636363636363635,"d":"13.6"}]
["Utiliza Hidroponia","-",null,"-"]
["Utiliza Cultivo em Estufa",1,null,{"v":0.5050505050505051,"d":"0.5"}]
["Utiliza Mudas Fiscalizadas",42,null,{"v":21.212121212121215,"d":"21.2"}]
["Utiliza Semente Melhorada",24,null,{"v":12.121212121212123,"d":"12.1"}]
["Faz Confinamento de Bovinos",1,null,{"v":0.5050505050505051,"d":"0.5"}]
["Utiliza Pastejo Intensivo",4,null,{"v":2.0202020202020203,"d":"2.0"}]
["Faz Inseminação Artificial",2,null,{"v":1.0101010101010102,"d":"1.0"}]
["Faz Mineralização do Rebanho",58,null,{"v":29.29292929292929,"d":"29.3"}]
["Faz Vermifugação do Rebanho",57,null,{"v":28.787878787878785,"d":"28.8"}]
["Possui Parceiros /Arrendatários na Exploração Animal",4,null,{"v":2.0202020202020203,"d":"2.0"}]
["Existência de trabalhadores c/ deficiência na UPA",1,null,{"v":0.5050505050505051,"d":"0.5"}]
["Esporte e lazer","-",null,"-"]
["Extração mineral","-",null,"-"]
["Hotel Fazenda, Pousada ou SPA","-",null,"-"]
["Pesque-pague",2,null,{"v":1.0101010101010102,"d":"1.0"}]
["Restaurante ou Lanchonete","-",null,"-"]
["Transformação artesanal","-",null,"-"]
["Turismo rural ou ecoturismo","-",null,"-"]
["Outras atividades econômicas rurais","-",null,"-"]
["Agroindústria","-",null,"-"]
["Proprietário sem instrução ou com instrução incompleta","-",null,"-"]
["Proprietário com antigo primário completo",9,null,{"v":4.545454545454546,"d":"4.5"}]
["Proprietário com 1° grau (ou antigo ginasial) completo",44,null,{"v":22.222222222222225,"d":"22.2"}]
["Proprietário com 2° grau (ou antigo colegial) completo",54,null,{"v":27.27272727272727,"d":"27.3"}]
["Proprietário com curso superior completo ",76,null,{"v":38.38383838383839,"d":"38.4"}]
["Pessoa Jurídica",15,null,{"v":7.575757575757576,"d":"7.6"}]
["Proprietário residente na própria UPA ",11,null,{"v":5.555555555555555,"d":"5.6"}]
["Fonte: Secretaria de Agricultura e Abastecimento, CDRS/IEA, Projeto LUPA."]
[]
["TABELA 572.5 - Área Cultivada, Município de Severínia, Estado de São Paulo, 2016/17."]
["CULTURA","N.DE UPAs","MÍNIMO","MÉDIO","MÁXIMO","TOTAL"]
["Cana-de-acucar finalidade industria",150,1.2,{"v":53.15,"d":"53.2"},783.4,{"v":7972.6,"d":"7,972.6"}]
["Laranja Industria",24,1.2,{"v":82.88,"d":"82.9"},{"v":462,"d":"462.0"},{"v":1989.2,"d":"1,989.2"}]
["Braquiaria",63,0.3,{"v":11.46,"d":"11.5"},{"v":145,"d":"145.0"},721.9]
["Gramas",16,0.5,{"v":9.35,"d":"9.4"},{"v":32,"d":"32.0"},149.6]
["Seringueira",11,1.5,{"v":8.65,"d":"8.7"},27.9,95.2]
["Eucalipto",4,1.5,{"v":8.48,"d":"8.5"},{"v":22,"d":"22.0"},33.9]
["Coloniao",3,{"v":1,"d":"1.0"},{"v":11.03,"d":"11.0"},24.6,33.1]
["Limao",2,3.5,6.6,9.7,13.2]
["Laranja destino misto",3,{"v":1,"d":"1.0"},{"v":4,"d":"4.0"},{"v":6,"d":"6.0"},{"v":12,"d":"12.0"}]
["Tangerina",1,7.1,7.1,7.1,7.1]
["Laranja Mercado",1,4.7,4.7,4.7,4.7]
["Coco-da-baia",1,3.7,3.7,3.7,3.7]
["Fonte: Secretaria de Agricultura e Abastecimento, CDRS/IEA, Projeto LUPA."]